Peparu dan pernafasan

Bibliographic Details
Main Author: Ward, Brian R
Format: Book
Published: Kuala Lumpur : Federal Publications Sdn.Bhd. , 1996
Subjects:

MARC

LEADER 00000cam a2200000 7i4500
001 0000009677
002 000010541
005 20011127.0
020 |a 9835800030 
090 0 0 |a 612   |b WAR 
100 1 |a Ward, Brian R 
245 1 0 |a Peparu dan pernafasan   |c Ward Brian R. 
260 |a Kuala Lumpur :   |b Federal Publications Sdn.Bhd. ,   |c 1996 
300 |a 48p. :   |b ill. ;   |c 25cm. 
650 0 0 |a Respiration   |x Juvenile literature 
999 |a 046843   |b BUKU   |c JUNIOR BOOKS   |e PERPUSTAKAAN KOMUNITI CAW KOTA DAMANSARA 
999 |a 077410   |b BUKU   |c PINJAMAN   |e PERPUSTAKAAN KOMUNITI PETALING JAYA